THE AYURVEDIC FORMULARY OF INDIA (Record no. 8634)

MARC details
000 -LEADER
fixed length control field 00364nam a22001457a 4500
003 - CONTROL NUMBER IDENTIFIER
control field SGT
082 ## - DEWEY DECIMAL CLASSIFICATION NUMBER
Classification number 615
Item number A11M
100 ## - MAIN ENTRY--PERSONAL NAME
Personal name MINISTRY OF HEALTH & FAMILY WELFARE.
245 ## - TITLE STATEMENT
Title THE AYURVEDIC FORMULARY OF INDIA
250 ## - EDITION STATEMENT
Edition statement 1ST
260 ## - PUBLICATION, DISTRIBUTION, ETC. (IMPRINT)
Place of publication, distribution, etc DELHI
Name of publisher, distributor, etc MINISTRY OF HEALTH & FAMILY WELFARE.
Year of Publication 2011
300 ## - PAGE DESCRIPTION
No. of Pages 710
650 ## - SUBJECT ADDED ENTRY--TOPICAL TERM
Topical term or geographic name as entry element AYURVEDA FORMULARY
942 ## - ADDED ENTRY ELEMENTS (KOHA)
Source of classification or shelving scheme Dewey Decimal Classification
Koha item type Books
Holdings
Withdrawn status Lost status Source of classification or shelving scheme Damaged status Not for loan Collection code Home library Current library Shelving location Date acquired Vendor Name Cost, normal purchase price Volume Information (Serial or Books or Non-Book Material) SGTU Bill Number Full call number Accession No. (Barcode) Date last seen Bill Date Koha item type
    Dewey Decimal Classification     AYURVEDA SGT FA-FP Library SGT FA-FP Library Reference Book 28/03/2016 C.C.R.A.S 700.00 3 SGTU 14296 615 A11M FA4572 28/03/2016 13/01/2016 Books
    Dewey Decimal Classification     AYURVEDA SGT FA-FP Library SGT FA-FP Library Reference Book 28/03/2016 C.C.R.A.S 700.00 3 SGTU 14296 615 A11M FA4573 28/03/2016 13/01/2016 Books
    Dewey Decimal Classification     AYURVEDA SGT FA-FP Library SGT FA-FP Library Reference Book 28/03/2016 C.C.R.A.S 700.00 3 SGTU 14296 615 A11M FA4574 28/03/2016 13/01/2016 Books